|
|
|
|
| LEADER |
00000nab a2200000 ar4500 |
| 001 |
vtls009008562 |
| 003 |
SK-MaSNL |
| 005 |
20260303065524.0 |
| 008 |
070723c1976 xo |r|p|||||||000 b|slo |
| 015 |
|
|
|a SNBRB2007/07
|2 snkbucl
|
| 038 |
|
|
|a SNKBUCL
|
| 040 |
|
|
|a SNKBUCL
|b ukr
|c SNKBUCL
|e AACR2
|
| 041 |
|
|
|a ukr
|
| 044 |
|
|
|a xo
|c SK
|
| 080 |
|
|
|a 793.3.079
|2 1997
|
| 080 |
|
|
|a 784.4.079
|2 1997
|
| 100 |
1 |
|
|a Piros, Stepan
|4 aut
|9 1062965
|
| 245 |
1 |
0 |
|a V jednosti narodiv i nacionaľnostej
|c Stepan Piros, Mychajlo Popovec
|
| 300 |
|
|
|b Obr.
|
| 500 |
|
|
|a 22. festival piesní a tancov vo Svidníku
|
| 611 |
2 |
7 |
|a Festival piesní a tancov
|n (22. :
|d 1976 :
|c Svidník, Slovensko)
|2 snkbucl
|9 1062962
|
| 651 |
|
7 |
|a Svidník (Slovensko)
|2 snkbucl
|9 28309
|
| 773 |
0 |
|
|t Nove žytťa
|g Roč. 25, č. 27 (1976), s. 1-2
|
| 852 |
|
|
|a SNK
|b KIS3GCP
|
| 958 |
|
|
|a SK
|
| 999 |
|
|
|c 1751530
|d 1753460
|